Escravidao e invencao da liberdade: estudos sobre negro no Brasil /

Đã lưu trong:
Chi tiết về thư mục
Tác giả khác: Reis, Joao José (organizador), Cavalcanti, Holanda (fotográfo)
Định dạng: Không biết
Ngôn ngữ:Portuguese
Được phát hành: Sao Paulo, Brasil: Brasiliense, 1988.
Những chủ đề:
Các nhãn: Thêm thẻ
Không có thẻ, Là người đầu tiên thẻ bản ghi này!

MARC

LEADER 000000000a22000000004500
001 001458
008 170713s1988 bl a|||| |||| 00| 0 por d
020 |a 8511130845 
041 0 |a portugues 
082 |a 981.42 E74e 
245 1 0 |a Escravidao e invencao da liberdade:   |b estudos sobre negro no Brasil /  |c Joao José, Reis, organizador, Holanda Cavalcanti, fotográfo 
260 |a Sao Paulo, Brasil:   |b Brasiliense,   |c 1988. 
300 |a 323 páginas, [16] hojas de láminas 
500 |a Número de inscripción 7081 
650 4 |a NEGROS  |x USOS Y COSTUMBRES  |x CONDICIONES SOCIALES  |z BAHIA (BRASIL) 
650 4 |a ESCLAVITUD  |v HISTORIA 
700 1 2 |a Reis, Joao José,   |e organizador 
700 1 2 |a Cavalcanti, Holanda,   |e fotográfo 
942 |2 ddc  |c BK 
999 |c 2452  |d 2452